000 00271nam a2200121Ia 4500
100 _aMehrotra/C.L/ Auti/A.G
942 _cBK
654 _aApplied Mechanics
245 _aApplied Mechanics
260 _bNew Vrinda Pub.
_aJalgaon
_c1991
546 _aENGLISH
999 _c19305
_d19305